Μιναίον του Ιαννουαρίου : περιέχον την πρέπουσαν αυτώ άπασαν Ακαλουθίαν, μετά και της προθήκης του Τυπικού
Αποθηκεύτηκε σε:
| Μορφή: | Βιβλίο |
|---|---|
| Γλώσσα: | Ancient Greek |
| Δημοσίευση: |
Ενετίησι :
Ε'ν τη Τυπογραφία του ποτέ Δημητρίου Θεοδοσίου,
1795.
|
| Θέματα: | |
| Ετικέτες: |
Προσθήκη ετικέτας
Δεν υπάρχουν, Καταχωρήστε ετικέτα πρώτοι!
|
MARC
| LEADER | 00000cam a2200000 a 4500 | ||
|---|---|---|---|
| 001 | 1/108865 | ||
| 008 | 150924s1795####it | ||| |||| ||grc|| | ||
| 040 | |a GR-MyUa |b gre |c GR-MyUa |e AACR2 | ||
| 041 | 0 | |a grc | |
| 082 | 7 | |a 220 |2 (23) | |
| 245 | 0 | 0 | |a Μιναίον του Ιαννουαρίου : |b περιέχον την πρέπουσαν αυτώ άπασαν Ακαλουθίαν, μετά και της προθήκης του Τυπικού / |c νεως ί μετατυπωθέν , κ' μεθ' όσης επιμελείας έκ πολλών σφαλμάτων έκκαθερθέν. |
| 246 | 1 | |a Μηναίον του Ιανουαρίου | |
| 260 | |a Ενετίησι : |b Ε'ν τη Τυπογραφία του ποτέ Δημητρίου Θεοδοσίου, |c 1795. | ||
| 300 | |a 172 σ. ; |c 32 εκ. | ||
| 500 | |a Στη σ.τ. σφραγίδα "Πορφυριάς Αστική Σχολή Καρλοβασίων". Στο recto αριθμός 848. Στο κάτω μέρος της σ.τ. "Μιμηταί έστε του Χριστού". Στο τέλος του βιβλίου υπάρχει κτητορικό σημείωμα "Αυτή η βίβλος υπάρχει τη ενταύθα ιεράς ενορίας του Αγίου Δημητρίου εν Νέω Καρλοβάσιω Σάμου τη 15 Δεκεμβρίου, Ο ιερεύς Δ. Σουβαλτζής 1860". | ||
| 610 | 2 | 0 | |a Orthodox Eastern Church |x Liturgy |x Texts. |
| 852 | |a INST |b SAMOS |c PORFYRIADA |e 20150924 |h 220 ΜΙΝ |p 005300042823 |q 005300042823 |t NOLOAN |y 23 | ||
| 970 | |a Κοσιέρης |b Χρήστος |z 24/09/2015 | ||